Kluby które nie spadły z la liga od conajmniej 10 lat - Statystyki

Ogólne statystyki
  • Ten quiz został rozwiązany 50 razy
  • Średni wynik to 7 z 10
Statystyki odpowiedzi
Ostatni sezon poza ligą Klub % Poprawnych
2001/2002 Atletico Madryt
100%
Zawsze w lidze Real Madryt
100%
Zawsze w lidze FC Barcelona
98%
Zawsze w lidze Athletic Bilbao
87%
2009/2010 Real Sociedad
85%
2000/2001 Sevilla
85%
2014/2015 Real Betis
74%
1986/1987 Valencia CF
36%
2011/2012 Celta Vigo
32%
2012/2013 Villareal CF
17%
Nie znaleziono quizów pasujących do podanych kryteriów
Rozkład punktacji
Procent ludzi z każdym wynikiem
Percentyl według liczby udzielonych odpowiedzi
Twoja historia wyników
Nie rozwiązałeś tego quizu